Císař František Josef

Titel: Císař František Josef : život, pád a zánik habsburské říše / John Van der Kiste
Verfasser:
Ausgabe: Vyd. 1.
Veröffentlicht: Praha : Práh, 2008
Umfang: 262, [16] S. : Ill. ; 25 cm
Format: Buch
Sprache: Tschechisch
Schlagworte:
ISBN: 9788072522101 ; 8072522108
Buchumschlag
X
Lokale Klassifikation: 2 F 165 ; 20 7 J
alg: 24596537
001A    $03004:03-05-11 
001B    $06055:01-03-26 $t20:03:54.000 
001C    $03004:22-11-11 $t15:56:18.000 
001D    $03004:17-11-11 
001U    $0utf8 
001X    $00 
002@    $0Aau 
003@    $0245965378 
004A    $A978-80-7252-210-1 
004A    $080-7252-210-8 
007A    $0245965378 $aHEB 
007G    $0DE02068FC725BBA1CC917C1257951002FD622 
007T    $0Herdhh245965378 
009P    $qapplication/pdf $A2 $3Inhaltsverzeichnis $uhttp://scans.hebis.de/HEBCGI/show.pl?24596537_toc.pdf $mV:DE-603;B:DE-Mb50 
010@    $acze $ceng 
011@    $a2008 
021A    $aCísař František Josef $dživot, pád a zánik habsburské říše $hJohn Van der Kiste 
022A/01 $aEmperor Franz Joseph $rtschech. 
027A/01 $aŽivot, pád a zánik habsburské říše 
028A    $#Kiste, John van der $#Der Kiste, John van $#VanderKiste, John $#Van der Kiste, John Patrick Guy $D20220215 $Ecgwrk $71035139596 $8Van der Kiste, John$Z1954- [Tp3] $9321861647 
032@    $aVyd. 1. 
033A    $pPraha $nPráh 
034D    $a262, [16] S. 
034I    $a25 cm 
034M    $aIll. 
044K    $RFranz Karl $RSophie $RMaximilian $RKarl Ludwig $RElisabeth $RRudolf $RMarie Valerie $RElisabeth Amalie $#Franz Joseph Karl von Habsburg $#Franz Josef  I. $#Franz Joseph  I. $#Franz Joseph  I. $#Franz Joseph  I. $#I. Ferenc József $#Francesco Giuseppe  I. $#František Jozef  I. $#Francis Joseph  I. $#František Josef  I. $#François Joseph  I. $#François-Joseph  I. $#Franciszek Józef  I. $#Frans Josef  I. $#Franjo Josip I. $#Franc Jožef I. $#Francisc Iosif I $#Franz Joseph  $#Franz Joseph  $#Franz Josef  $#Franz Joseph  $#Franz Joseph I. $#Franciszek Józef I. $#František Josef  I. $#Ferenc József  I. $#Franz Joseph  I. $#Franciscus Josephus  I. $#Франц Јозеф I $#Франц Иосиф I $#Франц Йосиф I $#Франц Йосиф І $#Φραγκίσκος Ιωσήφ Α΄ της Αυστρίας $D20251120 $Ecgmnf $7118535013 $8$PFranz Joseph$nI.$lÖsterreich, Kaiser$Z1830-1916 [Tp1] $9086876074 
045F    $a900.943609034 $eDDC23BSB 
045F/01 $a900 
045F/03 $f09034 
045F/03 $f09041 
045F/03 $f09033 
045F/03 $g436 
045F/03 $g439 

lok: 24596537 24
101B    $017-11-11 $t15:53:19.000 
101C    $017-11-11 
101U    $0utf8 
145Z/01 $a2 F 165 
145Z/02 $a20 7 J 

exp: 24596537 24 1 #EPN
201B/01 $017-11-11 $t15:53:19.000 
201C/01 $003-05-11 
201U/01 $0utf8 
203@/01 $0618252770 
208@/01 $a17-11-11 $bz 
209A/01 $a11.03202 $du $f050 $h11 03202 $x00 
209C/01 $a11.03202 K $h11 03202 K 
209G/01 $a72596900 $x00 
220C/01 $akon 
247C/01 $8358050-7 Marburg, Bibliothek des Herder-Instituts Marburg $9102600961 

lok: 24596537 78

exp: 24596537 78 1 #EPN
201B/01 $019-04-17 $t21:58:00.000 
201U/01 $0utf8 
203@/01 $0793836565 
208@/01 $a12-11-16 $be 
209A/01 $a/ $f000 $x00 
237A/01 $aweiterführende Signatur(en): Herder-Institut: 11.03202 
244Z/01 $2Trx $#Ungari $#Vengrija $#Ungārija $#Ungarn $#Hungary $#Węgry $#Maďarsko $#Maďarsko $#Uhorsko $#Uhersko;Uhry $8--Trx--Magyarország $x01 $9391197150 
244Z/01 $2Trx $8--Trx--Monographie $x02 $9391384546 
245Z/01 $a06.03.04 $x01 
247C/01 $82080>Marburg/Lahn, Herder-Institut, Forschungsbibliothek, Bibliographieportal $9336309341
LEADER 00000cam a2200000 c 4500
001 245965378
003 DE-603
005 20260301200354.0
007 tu
008 110503s2008 xx |||| | u00||u|cze c
020 |a 9788072522101 
020 |a 8072522108 
035 |a (DE-599)HEB245965378 
040 |a DE-603  |b ger  |c DE-603  |d DE-603 
041 |a cze  |h eng 
082 0 4 |8 1\u  |a 900.943609034  |q DE-101  |2 23/BSB 
085 |8 1\u  |b 900 
085 |8 1\u  |z 1  |s 09034 
085 |8 1\u  |z 1  |s 09041 
085 |8 1\u  |z 1  |s 09033 
085 |8 1\u  |z 2  |s 436 
085 |8 1\u  |z 2  |s 439 
100 1 |a Van der Kiste, John  |d 1954-  |0 (DE-603)321861647  |0 (DE-588)1035139596  |2 gnd 
245 0 0 |a Císař František Josef  |b život, pád a zánik habsburské říše  |c John Van der Kiste 
246 1 3 |a Život, pád a zánik habsburské říše 
250 |a Vyd. 1. 
264 1 |a Praha  |b Práh  |c 2008 
300 |a 262, [16] S.  |b Ill.  |c 25 cm 
600 0 7 |a Franz Joseph  |b I.  |c Österreich, Kaiser  |d 1830-1916  |0 (DE-588)118535013  |0 (DE-603)086876074  |2 gnd 
700 1 2 |a Van der Kiste, John  |d 1954-  |t Emperor Franz Joseph  |g tschech. 
856 4 2 |m V:DE-603;B:DE-Mb50  |q application/pdf  |u http://scans.hebis.de/HEBCGI/show.pl?24596537_toc.pdf  |3 Inhaltsverzeichnis 
924 0 |9 Mb 50  |a (DE-603)618252770  |b DE-Mb50  |c HES  |d c  |g 11.03202 
924 0 |9 2080  |a (DE-603)793836565  |b DE-2080  |c HES  |d d  |g /